000 00975cam9a220026500 4500
001 qce00438744
005 20190830124738.0
008 720710s1955 ug a 000 0 eng
010 _a 56037623 /L
035 _a(Sirsi) r116711
035 _a(QCAT)lss00247845
035 _a(UPRA)qce00438744
040 _dUPRA
050 0 _aHC517.U22
_bB97
100 1 _aWinter, Edward Henry.
_6A32699.1
245 1 0 _aBwamba economy :
_bthe development of a primitive subsistence economy in Uganda.
260 _aKampala :
_bEast African Institute of Social Research,
_c1955.
490 0 _aEast African studies ;
_vno. 5
_6S1816.1
650 0 _aEconomic anthropology.
_6S5826.1
650 0 _aEconomic anthropology -- Uganda.
_zEconomic anthropology -- Uganda.
_6S58746.1
651 0 _aBwamba, Uganda.
_6S58747.1
651 0 _aUganda -- Economic conditions.
_xUganda -- Economic conditions.
_6S25894.1
949 _aHC517.U22
_wlcc
_i-168158
_mMAIN
_tBOOK
_lON-SHELF
004 116711
999 _c201496
_d201496